Cyberpunk 2077 Quests [SPOILERS] - Statistics

General Stats
  • This quiz has been taken 42 times
  • The average score is 4 of 16
Answer Stats
Hint Answer % Correct
V and Johnny take on Arasaka Tower completely alone to reach Mikoshi (Don't Fear) The Reaper
72%
Judy and V go diving in Laguna Bend Pyramid Song
63%
V gives Johnny control of their body, who subsequently has a wild night out Chippin' In
53%
V and Songbird infiltrate NCX Spaceport The Killing Moon
34%
V, Reed and Alex infiltrate BARGHEST to rescue Songbird, and V has to make a choice Firestarter
28%
V and Kerry vandalize an expensive yacht Boat Drinks
25%
V helps Blue Moon with her stalker problem Every Breath You Take
25%
Johnny and Rogue get the movie date they planned 50 years ago Blistering Love
22%
V investigates a sinister conspiracy around the Peralezes Dream On
22%
V follows a trail left by the mysterious Bartmoss Collective Killing in the Name
22%
V meets with Hanako at Embers Nocturne Op55 N1
16%
V pursues Songbird to the derelict, underground Cynosure Facility Somewhat Damaged
13%
V begins to question reality while being tested repeatedly by Arasaka scientists on board their space station Where Is My Mind?
13%
Johnny leaves Night City in the body of V New Dawn Fades
9%
Garry the Prophet has informed V of a secret meeting, which surprisingly actually happens The Prophet's Song
9%
V accepts a high-stakes gig from Mr. Blue Eyes involving the Crystal Palace Path of Glory
6%
No matching quizzes found
Score Distribution
Percent of People with Each Score
Percentile by Number Answered
Your Score History
You have not taken this quiz